| 000 | 01199nam a2200337 i 4500 | ||
|---|---|---|---|
| 001 | 12178 | ||
| 003 | KOSZ 005 | ||
| 005 | 20190916143452.0 | ||
| 008 | 071022s1966 pl a f 000 0 pol | ||
| 015 | _aPB 1966/8242 | ||
| 040 |
_aWA N _cWA N _dKOSZ 005/RW _dKOSZ 005/HR |
||
| 046 | _k1966 | ||
| 080 | _a624.01/.07 | ||
| 080 | _a620.1 | ||
| 100 | 1 |
_aRutecki, Jerzy _d(1916-1967). _eAutor. |
|
| 245 | 1 | 0 |
_aCienkościenne konstrukcje nośne : _bobliczenia wytrzymałościowe / _cJerzy Rutecki. |
| 260 |
_aWarszawa : _bPaństwowe Wydawnictwo Naukowe, _c1966. |
||
| 300 |
_a553, [2] strony : _bilustracje ; _c25 cm. |
||
| 336 |
_aTekst _btxt _2rdacontent |
||
| 337 |
_aBez urządzenia pośredniczącego _bn _2rdamedia |
||
| 338 |
_aWolumin _bnc _2rdacarrier |
||
| 380 | _aKsiążki. | ||
| 388 | _a1901-2000 | ||
| 504 | _aBibliografia na stronach [550]-553. | ||
| 658 | _aArchitektura i budownictwo | ||
| 650 | 4 | _aKonstrukcje budowlane | |
| 650 | 4 | _aWytrzymałość materiałów | |
| 710 | 2 |
_aPaństwowe Wydawnictwo Naukowe _4pbl. |
|
| 856 |
_uhttp://koha.tu.koszalin.pl/cgi-bin/koha/opac-detail.pl?biblionumber=12178 _yKatalog online BPK |
||
| 942 |
_2UKD _cKS |
||
| 999 |
_c12178 _d12178 |
||